Statistics for Modern-Day Countries of the Carolingian Empire on a Map

Click here to take the quiz!

General Stats

  • This quiz has been taken 844 times
  • The average score is 22 of 22

Answers on the Map

Answers color-coded by a green-red scale on the quiz's map according to % correct below.
 

Answer Stats

Country% Correct
France
100%
Germany
100%
Italy
100%
Spain
100%
Andorra
99%
Austria
99%
Belgium
99%
Croatia
99%
Luxembourg
99%
Monaco
99%
Netherlands
99%
Poland
99%
Switzerland
99%
Vatican City
99%
Bosnia and Herzegovina
98%
Czech Republic
98%
Hungary
98%
Liechtenstein
98%
San Marino
98%
Slovakia
98%
Slovenia
98%
Serbia
97%

Score Distribution

Percentile by Number Answered

Percent of People with Each Score

Your Score History

You have not taken this quiz